00770 a2200229 4500010001400000020002300014035001300037037001800050082001100068090001500079100002300094245006400117260003800181270005700219300002600276500002000302650001400322650002800336942002600364999001500390952013500405 aENG-85195 a8131300269c495.00 aEN-68728 bD.B.Act / Pub14a370.15 c1664d16641 aDhirendra P. Singh1 aEducaton and personality developmentcby Dhirendra P. Singh aNew DelhibA.P.H Publishingc2006 a5, Ansari Road, Darya GanjbNew DelhicDelhie110002 avi, 257 pc21 cm (Hb) aIncludes index. aEducation aPersonality development adplcENk370.15 / DHI c1634d1634 00102ddc40718NFICaDBADbDBADeDBAD/PUBg495.00l0o370.15 DHIpEN-68728r2008-09-15 00:00:00t1u1718v495.00w2008-09-15yEN